[Event "4NCL 3 South pool D"]
[Site "Reading, ENG"]
[Date "2017.05.01"]
[Round "11.52"]
[White "Robertson, J Stuart"]
[Black "Onley, David E"]
[Result "1/2-1/2"]
[WhiteElo "2127"]
[BlackElo "2155"]
[PlyCount "57"]
[EventDate "2017.05.01"]
[WhiteTeam "Cambridge University 2"]
[BlackTeam "Brown Jack 1"]

1. d4 Nf6 2. c4 g6 3. Nc3 Bg7 4. e4 d6 5. Be2 O-O 6. Bg5 Na6 7. Qd2 e5 8. d5 c6
9. f3 cxd5 10. cxd5 Bd7 11. g4 h6 12. Be3 h5 13. g5 Ne8 14. h4 Nc5 15. Nh3 Nc7
16. Nf2 b5 17. b4 Na4 18. Nd3 Qb8 19. O-O Nb6 20. Nb2 Rc8 21. Rfc1 a5 22. a3
axb4 23. axb4 Rxa1 24. Rxa1 Nc4 25. Bxc4 bxc4 26. Nxc4 Qxb4 27. Nb6 Rd8 28.
Nxd7 Rxd7 29. Ra7 1/2-1/2

[Event "4NCL 3 South pool D"]
[Site "Reading, ENG"]
[Date "2017.05.01"]
[Round "11.53"]
[White "Onslow, Alfie"]
[Black "Starley, Robert"]
[Result "1-0"]
[WhiteElo "2057"]
[BlackElo "2075"]
[PlyCount "79"]
[EventDate "2017.05.01"]
[WhiteTeam "Brown Jack 1"]
[BlackTeam "Cambridge University 2"]

1. e4 e5 2. Nf3 Nc6 3. Bc4 Bc5 4. c3 Nf6 5. d3 h6 6. Nbd2 O-O 7. O-O d6 8. Bb3
Bg4 9. h3 Bh5 10. Re1 a6 11. Nf1 Re8 12. Ng3 Bg6 13. Nh4 Nxe4 14. Nxg6 Bxf2+
15. Kf1 Bxg3 16. Rxe4 d5 17. Rg4 Bh2 18. Nh4 f5 19. Nxf5 Rf8 20. Rxg7+ Kh8 21.
g4 Rxf5+ 22. gxf5 Kxg7 23. Qg4+ Kh8 24. Bxh6 Qg8 25. Bg5 Rf8 26. Qh4+ Qh7 27.
Bf6+ Rxf6 28. Qxf6+ Qg7 29. Qxg7+ Kxg7 30. Bxd5 Kf6 31. Bxc6 bxc6 32. Kg2 Bf4
33. Re1 Kxf5 34. Re4 Bc1 35. b3 c5 36. Rc4 Ba3 37. Kf3 c6 38. Ke2 Ke6 39. Kd1
Kd5 40. Kc2 1-0

[Event "4NCL 3 South pool D"]
[Site "Reading, ENG"]
[Date "2017.05.01"]
[Round "11.55"]
[White "Richmond, Jane"]
[Black "Nettleton, Charlie B"]
[Result "0-1"]
[WhiteElo "2128"]
[BlackElo "1986"]
[PlyCount "72"]
[EventDate "2017.05.01"]
[WhiteTeam "Brown Jack 1"]
[BlackTeam "Cambridge University 2"]

1. e4 g6 2. d4 Bg7 3. Nc3 c6 4. Be3 d5 5. f3 h5 6. Qd2 Nh6 7. O-O-O a6 8. h3
dxe4 9. fxe4 Nd7 10. Nf3 Qa5 11. Bc4 b5 12. Bb3 Nb6 13. Ne5 Nc4 14. Bxc4 bxc4
15. Nxc6 Qc7 16. d5 e5 17. Qe2 Bd7 18. Qxc4 Qb7 19. Na5 Qb8 20. Qc5 Bf8 21. d6
Bg7 22. Nd5 O-O 23. Nc7 Rc8 24. Rd3 Be6 25. Nc6 Qb7 26. c4 Bf8 27. Na5 Qxe4 28.
Rhd1 Nf5 29. Qa3 Rxc7 30. dxc7 Bxa3 31. Rd8+ Kg7 32. Bg5 Nd4 33. R1xd4 exd4 34.
bxa3 Bf5 35. Kd2 Qxg2+ 36. Ke1 Bd3 0-1

[Event "4NCL 3 South pool D"]
[Site "Reading, ENG"]
[Date "2017.05.01"]
[Round "11.56"]
[White "Gooding, Ian"]
[Black "Rabbitt, Michael"]
[Result "0-1"]
[WhiteElo "2020"]
[BlackElo "2032"]
[PlyCount "36"]
[EventDate "2017.05.01"]
[WhiteTeam "Cambridge University 2"]
[BlackTeam "Brown Jack 1"]

1. e4 e5 2. Nf3 Nc6 3. Nc3 Nf6 4. Bb5 d6 5. d4 exd4 6. Nxd4 Bd7 7. Bxc6 bxc6 8.
O-O Be7 9. Qd3 O-O 10. Bd2 Re8 11. Rae1 h6 12. f4 Bf8 13. Kh1 c5 14. Nf3 Bc6
15. Nd5 Nxd5 16. exd5 Bd7 17. Rxe8 Qxe8 18. Bc3 Bb5 0-1

[Event "4NCL 3 South pool D"]
[Site "Reading, ENG"]
[Date "2017.05.01"]
[Round "11.61"]
[White "Strugnell, Carl"]
[Black "Batchelor, Paul A"]
[Result "1-0"]
[WhiteElo "2224"]
[BlackElo "1945"]
[PlyCount "87"]
[EventDate "2017.05.01"]
[WhiteTeam "Rhyfelwyr Essyllwg"]
[BlackTeam "Sussex Martlets 2"]

1. e4 c5 2. Nf3 g6 3. d4 cxd4 4. Nxd4 Nc6 5. c4 Nf6 6. f3 d6 7. Nc3 Nxd4 8.
Qxd4 Bg7 9. Be3 O-O 10. Qd2 Qa5 11. Rc1 Be6 12. b3 Rfc8 13. Bd3 a6 14. Ne2
Qxd2+ 15. Kxd2 Nd7 16. Nf4 Nc5 17. Be2 a5 18. h4 Rf8 19. h5 g5 20. Nd5 Bxd5 21.
cxd5 h6 22. Bxc5 dxc5 23. Rxc5 Be5 24. Rb5 Rfb8 25. Rg1 b6 26. Kd3 Ra7 27. Rc1
Rc7 28. Rc6 Bd6 29. Rbxb6 Rxb6 30. Rxb6 Rc1 31. Ra6 Bb4 32. e5 Ra1 33. Kd4 Rxa2
34. Bd3 Rb2 35. d6 exd6 36. exd6 Rxb3 37. d7 Be7 38. Ra8+ Kg7 39. d8=Q Bxd8 40.
Rxd8 Rb2 41. g4 Rb4+ 42. Bc4 Rb7 43. Rc8 Rd7+ 44. Bd5 1-0

[Event "4NCL 3 South pool D"]
[Site "Reading, ENG"]
[Date "2017.05.01"]
[Round "11.62"]
[White "Forster, Matthew"]
[Black "Heaven, Peter"]
[Result "1/2-1/2"]
[WhiteElo "1982"]
[BlackElo "2022"]
[PlyCount "71"]
[EventDate "2017.05.01"]
[WhiteTeam "Sussex Martlets 2"]
[BlackTeam "Rhyfelwyr Essyllwg"]

1. c4 e5 2. g3 Nf6 3. Bg2 Nc6 4. Nc3 Bc5 5. d3 d6 6. Nf3 O-O 7. O-O h6 8. a3 a5
9. e3 Bg4 10. h3 Bd7 11. d4 exd4 12. exd4 Bb6 13. Be3 Ne7 14. b4 Nf5 15. c5 Ba7
16. Bf4 Nh5 17. Bc1 Nf6 18. g4 Ne7 19. cxd6 cxd6 20. Bf4 Bb8 21. Qd2 Ned5 22.
Nxd5 Nxd5 23. Bg3 Bb5 24. Rfe1 axb4 25. axb4 Rxa1 26. Rxa1 Bc6 27. Rb1 Nf6 28.
Bh4 Be4 29. Re1 d5 30. g5 hxg5 31. Bxg5 Qd6 32. h4 Nh5 33. Ra1 f6 34. Be3 Qe6
35. Kf1 Qg4 36. Qd1 1/2-1/2

[Event "4NCL 3 South pool D"]
[Site "Reading, ENG"]
[Date "2017.05.01"]
[Round "11.63"]
[White "Brown, Thomas"]
[Black "Rogacewicz, Mikolaj"]
[Result "1-0"]
[WhiteElo "2060"]
[BlackElo "1937"]
[PlyCount "65"]
[EventDate "2017.05.01"]
[WhiteTeam "Rhyfelwyr Essyllwg"]
[BlackTeam "Sussex Martlets 2"]

1. d4 e6 2. c4 Nf6 3. Nc3 Bb4 4. f3 d5 5. a3 Bxc3+ 6. bxc3 O-O 7. e3 Re8 8.
cxd5 exd5 9. Bd3 Nh5 10. Ne2 Qh4+ 11. g3 Qh3 12. Kf2 Nd7 13. Ng1 Qe6 14. g4
Nhf6 15. Nh3 c5 16. Nf4 Qd6 17. g5 cxd4 18. cxd4 Nb6 19. gxf6 Qxf6 20. h4 Bd7
21. Qg1 Rac8 22. Qg5 Qxg5 23. hxg5 g6 24. Bd2 Bc6 25. Rh2 Kg7 26. Bb4 Nd7 27.
Rah1 Rh8 28. Bb1 b6 29. Ba2 f6 30. gxf6+ Nxf6 31. Be7 Ng8 32. Bd6 Rd8 33. Ne6+
1-0

[Event "4NCL 3 South pool D"]
[Site "Reading, ENG"]
[Date "2017.05.01"]
[Round "11.64"]
[White "Graham, William M"]
[Black "Trevelyan, John"]
[Result "0-1"]
[WhiteElo "1858"]
[BlackElo "2056"]
[PlyCount "68"]
[EventDate "2017.05.01"]
[WhiteTeam "Sussex Martlets 2"]
[BlackTeam "Rhyfelwyr Essyllwg"]

1. c4 Nf6 2. g3 e5 3. Bg2 Bc5 4. Nc3 d6 5. d3 Nc6 6. Nf3 Bf5 7. O-O O-O 8. e3
Qd7 9. Nd5 Nxd5 10. cxd5 Ne7 11. d4 exd4 12. Nxd4 Bh3 13. Nc2 Bxg2 14. Kxg2 Qf5
15. b4 Bb6 16. a4 a6 17. Qe2 Qxd5+ 18. e4 Qe6 19. Bb2 f5 20. e5 f4 21. f3 Ng6
22. Ne1 Rae8 23. a5 Ba7 24. b5 dxe5 25. Rc1 Rf7 26. bxa6 fxg3 27. hxg3 Nf4+ 28.
gxf4 Qg6+ 29. Kh3 Rf5 30. Ng2 Rh5+ 31. Nh4 Qf5+ 32. Kg2 Rxh4 33. Qc4+ Kh8 34.
Rh1 Qg6+ 0-1

[Event "4NCL 3 South pool D"]
[Site "Reading, ENG"]
[Date "2017.05.01"]
[Round "11.65"]
[White "Hatchett, Paul"]
[Black "Blake, J Morgan"]
[Result "0-1"]
[WhiteElo "2022"]
[BlackElo "1807"]
[Annotator "Alan"]
[PlyCount "110"]
[EventDate "2017.05.01"]
[WhiteTeam "Rhyfelwyr Essyllwg"]
[BlackTeam "Sussex Martlets 2"]

1. Nf3 d5 2. g3 Nf6 3. Bg2 c5 4. O-O Nc6 5. d3 e5 6. Nbd2 Be7 7. e4 O-O 8. exd5
Nxd5 9. Re1 f6 10. c3 Nc7 11. Ne4 Bg4 12. h3 Be6 13. Be3 b6 14. d4 Bd5 15. dxc5
Bxe4 16. cxb6 Qxd1 17. Raxd1 axb6 18. Bxb6 Nd5 19. Rxe4 Nxb6 20. Ra1 f5 21. Re2
e4 22. Nd2 Ne5 23. f3 Bc5+ 24. Kh2 Nxf3+ 25. Nxf3 exf3 26. Bxf3 Rae8 27. b4
Rxe2+ 28. Bxe2 Be3 29. c4 Rd8 30. Rd1 Rxd1 31. Bxd1 Kf8 32. c5 Nd5 33. c6 Ke7
34. a3 Bc1 35. Bb3 Nf6 36. a4 Ba3 37. b5 Bc5 38. Kg2 Kd6 39. Bd1 Ke5 40. Kf3 g5
41. Ke2 Ne4 42. h4 h6 43. hxg5 hxg5 44. Kf3 Bb6 45. Bc2 Nc5 46. Kg2 Ne6 47. Bd1
Nd4 48. Kh3 Ke4 49. Bh5 Ke3 50. Kg2 Kd2 51. Bg6 Ke2 52. Bh5+ g4 53. Bg6 Nc2 54.
Kh1 Ne3 55. Kh2 Kf2 0-1

[Event "4NCL 3 South pool D"]
[Site "Reading, ENG"]
[Date "2017.05.01"]
[Round "11.66"]
[White "Salmons, Calum"]
[Black "Wagner, Guy"]
[Result "1-0"]
[WhiteElo "1790"]
[BlackElo "1809"]
[PlyCount "47"]
[EventDate "2017.05.01"]
[WhiteTeam "Sussex Martlets 2"]
[BlackTeam "Rhyfelwyr Essyllwg"]

1. e4 e6 2. d4 d5 3. Nd2 Nf6 4. e5 Nfd7 5. Bd3 c5 6. c3 Nc6 7. Ne2 cxd4 8. cxd4
f6 9. exf6 Nxf6 10. Nf3 Bd6 11. O-O Qc7 12. Bg5 O-O 13. Bh4 Nh5 14. Qc2 Rxf3
15. Bxh7+ Kh8 16. gxf3 Bxh2+ 17. Kg2 Nf4+ 18. Nxf4 Qxf4 19. Bg3 Nxd4 20. Qg6
Bxg3 21. fxg3 Qf8 22. Qh5 g5 23. Bd3+ Kg8 24. Qh7# 1-0

[Event "4NCL 3 South pool D"]
[Site "Reading, ENG"]
[Date "2017.05.01"]
[Round "11.71"]
[White "Josse, Mark"]
[Black "Lyell, Mark"]
[Result "0-1"]
[WhiteElo "2165"]
[BlackElo "2249"]
[PlyCount "58"]
[EventDate "2017.05.01"]
[WhiteTeam "Surbiton"]
[BlackTeam "Hackney "]

1. c4 e5 2. Nc3 Bb4 3. Nd5 Bc5 4. b4 Bf8 5. Rb1 c6 6. Nc3 d5 7. cxd5 cxd5 8.
Nf3 d4 9. Ne4 f5 10. Ng3 e4 11. Ng1 h5 12. h4 Bd6 13. Qb3 Nf6 14. e3 d3 15. Bb2
Nc6 16. a3 Bxg3 17. fxg3 Qd6 18. Rh3 Be6 19. Qc3 Rc8 20. b5 Nb8 21. Qd4 Qxd4
22. Bxd4 O-O 23. Rh1 Rc2 24. Nh3 Ba2 25. Ra1 Rfc8 26. Nf4 Rc1+ 27. Rxc1 Rxc1+
28. Kf2 Ng4+ 29. Kg1 Bb3 0-1

[Event "4NCL 3 South pool D"]
[Site "Reading, ENG"]
[Date "2017.05.01"]
[Round "11.72"]
[White "Britton, Richard L"]
[Black "Seymour, Timothy P"]
[Result "1-0"]
[WhiteElo "2168"]
[BlackElo "2081"]
[PlyCount "113"]
[EventDate "2017.05.01"]
[WhiteTeam "Hackney "]
[BlackTeam "Surbiton"]

1. e4 e5 2. Nf3 Nc6 3. Bb5 Nge7 4. d3 g6 5. c3 Bg7 6. Nbd2 O-O 7. O-O d6 8. Re1
h6 9. Nf1 f5 10. h3 f4 11. d4 Kh7 12. d5 Nb8 13. Be2 Nd7 14. b4 Nf6 15. N3d2 g5
16. c4 Qe8 17. c5 Qg6 18. f3 h5 19. Nh2 g4 20. fxg4 hxg4 21. hxg4 Rh8 22. Bf3
Bh6 23. cxd6 cxd6 24. Nc4 Ne8 25. Bb2 Bg7 26. Qa4 Bf6 27. Nb6 axb6 28. Qxa8 Kg7
29. Rec1 Qh6 30. Rxc8 Qxh2+ 31. Kf1 Nxc8 32. Qxc8 Rh3 33. gxh3 Qxh3+ 34. Ke2
Qh2+ 35. Kd3 Qxb2 36. Qc3 Qf2 37. Kc4 Nc7 38. a4 Bh4 39. Kb3 Ne8 40. Qd3 Kg6
41. Rf1 Qg3 42. Kc4 Nf6 43. Qd1 Kg5 44. Kb5 Nd7 45. Qe2 Kg6 46. Rc1 Bd8 47. Rh1
Bh4 48. Qf1 Kg5 49. Rh3 Qf2 50. Qxf2 Bxf2 51. Rh5+ Kg6 52. g5 Nf8 53. Rh6+ Kxg5
54. Rxd6 Kh4 55. Rf6 Kg3 56. Rxf8 Kxf3 57. Rh8 1-0

[Event "4NCL 3 South pool D"]
[Site "Reading, ENG"]
[Date "2017.05.01"]
[Round "11.73"]
[White "Crombleholme, Alan K"]
[Black "Chin, F."]
[Result "1/2-1/2"]
[WhiteElo "2019"]
[BlackElo "2115"]
[PlyCount "83"]
[EventDate "2017.05.01"]
[WhiteTeam "Surbiton"]
[BlackTeam "Hackney "]

1. d4 Nf6 2. Nf3 c5 3. d5 d6 4. g3 e5 5. Bg2 Be7 6. O-O Bg4 7. h3 Bf5 8. Nbd2
Na6 9. Nh4 Bd7 10. Nc4 Qc8 11. Kh2 h6 12. f4 e4 13. f5 b5 14. Ne3 Nc7 15. b3
O-O 16. c4 a5 17. a4 bxc4 18. bxc4 Qa6 19. Qc2 Rab8 20. Bd2 Rb6 21. Rfb1 Rfb8
22. Rxb6 Rxb6 23. Qc3 Rb4 24. Qc2 Qb6 25. Bxb4 cxb4 26. c5 Qxc5 27. Qxc5 dxc5
28. Rd1 Nce8 29. Nc4 Bxa4 30. Rd2 Bb3 31. d6 Bxc4 32. dxe7 b3 33. Rd8 Bd5 34.
e3 a4 35. Bf1 c4 36. Ng2 a3 37. Nf4 a2 38. Nxd5 a1=Q 39. Nxf6+ gxf6 40. Rxe8+
Kg7 41. Rd8 Qxf1 42. e8=Q 1/2-1/2

[Event "4NCL 3 South pool D"]
[Site "Reading, ENG"]
[Date "2017.05.01"]
[Round "11.74"]
[White "Walker, Nicholas P"]
[Black "Shepherd, Paul D"]
[Result "1/2-1/2"]
[WhiteElo "2135"]
[BlackElo "2065"]
[PlyCount "95"]
[EventDate "2017.05.01"]
[WhiteTeam "Hackney "]
[BlackTeam "Surbiton"]

1. Nf3 d5 2. b3 Bf5 3. Bb2 Nd7 4. e3 Ngf6 5. c4 c6 6. Be2 e6 7. O-O Be7 8. Nc3
h6 9. d4 O-O 10. Rc1 Rc8 11. Bd3 Bxd3 12. Qxd3 Re8 13. e4 dxe4 14. Nxe4 Nxe4
15. Qxe4 Nf6 16. Qe2 Qa5 17. a3 Qb6 18. b4 a5 19. Bc3 axb4 20. Rb1 c5 21. axb4
cxb4 22. c5 Qc7 23. Bxb4 Nd5 24. Bd2 Ra8 25. Qb5 Reb8 26. Rfc1 Bf6 27. Ra1 Qc6
28. Qxc6 bxc6 29. Kf1 Kf8 30. h4 Ke8 31. g4 Bd8 32. Ne5 Ne7 33. Nc4 f6 34. Bf4
Rxa1 35. Rxa1 Rb4 36. Nd6+ Kd7 37. Ra7+ Bc7 38. Nc8 Kxc8 39. Rxc7+ Kd8 40. Bd6
Nc8 41. Rxg7 Nxd6 42. cxd6 Rxd4 43. Rg6 Kd7 44. Rxf6 Rxg4 45. Rxh6 Kxd6 46. Ke2
c5 47. Rh8 Ke7 48. Ke3 1/2-1/2

[Event "4NCL 3 South pool D"]
[Site "Reading, ENG"]
[Date "2017.05.01"]
[Round "11.76"]
[White "Conway, Paul Bernard"]
[Black "Alcock, Graham P"]
[Result "1/2-1/2"]
[WhiteElo "1888"]
[BlackElo "1764"]
[PlyCount "36"]
[EventDate "2017.05.01"]
[WhiteTeam "Hackney "]
[BlackTeam "Surbiton"]

1. e4 d5 2. exd5 Qxd5 3. Nc3 Qd6 4. d4 Nf6 5. h3 Bf5 6. Nf3 h6 7. Bc4 e6 8. Qe2
c6 9. Bb3 Be7 10. Bd2 a5 11. a4 O-O 12. O-O Nbd7 13. Rfe1 Rfe8 14. Rad1 Nd5 15.
Ne5 Nxc3 16. Bxc3 Nxe5 17. Qxe5 b6 18. Qe3 Qc7 1/2-1/2

[Event "4NCL 3 South pool D"]
[Site "Reading, ENG"]
[Date "2017.05.01"]
[Round "11.81"]
[White "Byron, Alan M"]
[Black "Savage, Nicholas W"]
[Result "1-0"]
[WhiteElo "2060"]
[BlackElo "2021"]
[PlyCount "203"]
[EventDate "2017.05.01"]
[WhiteTeam "The Rookies"]
[BlackTeam "Iceni 1"]

1. e4 e5 2. Nf3 Nc6 3. Bb5 a6 4. Ba4 Nf6 5. O-O Be7 6. Re1 b5 7. Bb3 d6 8. c3
O-O 9. h3 Re8 10. d4 Bb7 11. Nbd2 Bf8 12. d5 Nb8 13. Nf1 Nbd7 14. Bg5 h6 15.
Bxf6 Nxf6 16. N3h2 g6 17. Ng4 Nxg4 18. Qxg4 Qg5 19. Qxg5 hxg5 20. Ne3 Be7 21.
a4 Kg7 22. Ra2 Reb8 23. Rea1 g4 24. hxg4 Bg5 25. Nf1 c5 26. dxc6 Bxc6 27. Bd5
Bxd5 28. exd5 bxa4 29. Ng3 Be7 30. c4 Rb4 31. Rxa4 Rxb2 32. Rxa6 Rxa6 33. Rxa6
Rc2 34. Rc6 Kf8 35. Rc8+ Kg7 36. Rc6 Kf8 37. Ne4 f5 38. gxf5 gxf5 39. Nxd6 Bxd6
40. Rxd6 Rxc4 41. Rf6+ Ke7 42. Re6+ Kf7 43. Rxe5 Kf6 44. Re6+ Kf7 45. Ra6 Rd4
46. Kf1 Rxd5 47. Ke2 Rb5 48. Ke3 Rb4 49. g3 Re4+ 50. Kf3 Rb4 51. Rd6 Ra4 52.
Ke3 Re4+ 53. Kd3 Ra4 54. Rd4 Ra3+ 55. Ke2 Kf6 56. Rd3 Ra4 57. f3 Kg5 58. Kf2
Ra2+ 59. Kf1 Rb2 60. Re3 Ra2 61. Re2 Ra3 62. Kg2 Rb3 63. Re8 Ra3 64. Rg8+ Kf6
65. Rf8+ Kg6 66. f4 Rb3 67. Rd8 Rb1 68. Rd6+ Kg7 69. Rd2 Kg6 70. Rd8 Ra1 71.
Kf2 Ra3 72. Ke2 Kf6 73. Rd6+ Kf7 74. Rd3 Ra2+ 75. Ke3 Ra4 76. Rb3 Re4+ 77. Kd3
Ra4 78. Rc3 Kf6 79. Rc6+ Kf7 80. Rc4 Ra3+ 81. Kd4 Rxg3 82. Ke5 Ra3 83. Kxf5
Ra5+ 84. Ke4 Kf6 85. Rc6+ Kf7 86. Rb6 Rc5 87. Kf3 Ra5 88. Kg4 Ra7 89. Kg5 Ra5+
90. f5 Ra7 91. Rh6 Kg8 92. Kg6 Ra1 93. Rh5 Rg1+ 94. Kf6 Re1 95. Rg5+ Kh8 96.
Kf7 Rh1 97. f6 Rh7+ 98. Kf8 Rh2 99. f7 Rh1 100. Rf5 Rh2 101. Ke7 Re2+ 102. Kf6
1-0

[Event "4NCL 3 South pool D"]
[Site "Reading, ENG"]
[Date "2017.05.01"]
[Round "11.82"]
[White "Downham, Alan F"]
[Black "Jones, Christopher M"]
[Result "1/2-1/2"]
[WhiteElo "1988"]
[BlackElo "2114"]
[PlyCount "69"]
[EventDate "2017.05.01"]
[WhiteTeam "Iceni 1"]
[BlackTeam "The Rookies"]

1. c4 e5 2. g3 Nc6 3. Bg2 f5 4. Nc3 Nf6 5. d3 Bc5 6. e3 O-O 7. Nge2 d6 8. O-O
Qe8 9. Nd5 Nxd5 10. cxd5 Ne7 11. d4 Bb6 12. dxe5 dxe5 13. Bd2 Bc5 14. Rc1 Bd6
15. Qb3 Qh5 16. Rfe1 Rf6 17. f4 e4 18. Kf2 Qf7 19. Nc3 b6 20. Rh1 Bb7 21. Bf1
Nxd5 22. Bc4 c6 23. a4 Rd8 24. Rcd1 Bc5 25. a5 Kh8 26. Na4 Qc7 27. Nxc5 bxc5
28. Bc3 Rf7 29. a6 Bc8 30. Bxd5 cxd5 31. Rxd5 Rxd5 32. Qxd5 Bxa6 33. Ra1 Bb7
34. Qe6 Qd7 35. Qxd7 1/2-1/2

[Event "4NCL 3 South pool D"]
[Site "Reading, ENG"]
[Date "2017.05.01"]
[Round "11.83"]
[White "Piper, Stephen J"]
[Black "Ruthen, Stephen W"]
[Result "1-0"]
[WhiteElo "2071"]
[BlackElo "2000"]
[PlyCount "81"]
[EventDate "2017.05.01"]
[WhiteTeam "The Rookies"]
[BlackTeam "Iceni 1"]

1. c4 e5 2. Nc3 Nc6 3. g3 g6 4. Bg2 Bg7 5. e4 d6 6. Nge2 Nge7 7. d3 Be6 8. Be3
O-O 9. Qd2 Qd7 10. h4 h5 11. Nd5 f5 12. Bg5 Rf7 13. O-O Kh7 14. Rab1 Ng8 15. b4
Nd8 16. b5 c6 17. bxc6 bxc6 18. Ne3 Nf6 19. exf5 gxf5 20. f4 Nb7 21. d4 Ne4 22.
Bxe4 fxe4 23. f5 Bxf5 24. Nxf5 Rxf5 25. Rxf5 Qxf5 26. Rxb7 Rf8 27. Qe1 Kg6 28.
dxe5 dxe5 29. Rxa7 Qf3 30. Ra6 e3 31. Ra3 Rb8 32. Rxe3 Qf5 33. Qf2 Rb1+ 34. Kg2
Qd7 35. Nc3 Rb4 36. Qc2+ Kf7 37. Qd1 Rb2+ 38. Kg1 Qh3 39. Qxh5+ Ke6 40. Qf3 Kd7
41. Re2 1-0

[Event "4NCL 3 South pool D"]
[Site "Reading, ENG"]
[Date "2017.05.01"]
[Round "11.84"]
[White "Feavyour, John A"]
[Black "Compton, Alistair"]
[Result "1/2-1/2"]
[WhiteElo "1985"]
[BlackElo "2067"]
[PlyCount "65"]
[EventDate "2017.05.01"]
[WhiteTeam "Iceni 1"]
[BlackTeam "The Rookies"]

1. d4 d5 2. c4 e6 3. cxd5 exd5 4. Nc3 c5 5. Nf3 Nc6 6. g3 Nf6 7. Bg2 Be7 8. O-O
O-O 9. dxc5 Bxc5 10. Bg5 d4 11. Bxf6 Qxf6 12. Ne4 Qe7 13. Nxc5 Qxc5 14. Rc1 Qb6
15. Qd2 h6 16. Rfd1 Rd8 17. b3 Be6 18. Ne1 Nb4 19. Nd3 Nxd3 20. Qxd3 Rd7 21.
Be4 Rad8 22. Qf3 Bd5 23. Bxd5 Rxd5 24. Rd3 Re5 25. Rc2 Rde8 26. Kg2 Re4 27. Rc4
Rxe2 28. Rdxd4 R2e7 29. Qd5 Re5 30. Qd7 R5e7 31. Qd5 Re5 32. Qd7 R5e7 33. Qd5
1/2-1/2

[Event "4NCL 3 South pool D"]
[Site "Reading, ENG"]
[Date "2017.05.01"]
[Round "11.85"]
[White "Jaszkiwskyj, Peter"]
[Black "Calvert, D Ian"]
[Result "1/2-1/2"]
[WhiteElo "1965"]
[BlackElo "1908"]
[PlyCount "80"]
[EventDate "2017.05.01"]
[WhiteTeam "The Rookies"]
[BlackTeam "Iceni 1"]

1. d4 d5 2. Nf3 Nf6 3. c4 c5 4. cxd5 cxd4 5. Qa4+ Qd7 6. Qxd4 Qxd5 7. Nc3 Qxd4
8. Nxd4 a6 9. Bg5 e5 10. Nf3 Nc6 11. a3 Be6 12. g3 Be7 13. Bg2 O-O 14. O-O Rfd8
15. Be3 h6 16. Bb6 Rd7 17. Rad1 Rxd1 18. Rxd1 Nd7 19. Be3 Nf6 20. Ne1 Rd8 21.
Rxd8+ Nxd8 22. Nd3 Bd6 23. Nc5 Bc8 24. N5e4 Nxe4 25. Nxe4 Bc7 26. Bc5 b6 27.
Bd6 Bxd6 28. Nxd6 Be6 29. Ne4 Kf8 30. Nc3 Ke7 31. Na4 b5 32. Nc5 Bc8 33. Kf1
Kd6 34. b4 Kc7 35. Ke1 Ne6 36. Nxe6+ Bxe6 37. Kd2 Kd6 38. Bb7 Kc7 39. Ba8 Kd6
40. Bg2 Kc7 1/2-1/2

[Event "4NCL 3 South pool D"]
[Site "Reading, ENG"]
[Date "2017.05.01"]
[Round "11.86"]
[White "Szymanski, Mark"]
[Black "Ressel, Eva"]
[Result "1-0"]
[WhiteElo "1902"]
[BlackElo "1742"]
[PlyCount "95"]
[EventDate "2017.05.01"]
[WhiteTeam "Iceni 1"]
[BlackTeam "The Rookies"]

1. d4 Nf6 2. c4 e6 3. g3 Nc6 4. Nf3 b6 5. Bg2 Bb7 6. O-O Na5 7. Nbd2 c5 8. dxc5
bxc5 9. b3 Qc7 10. Bb2 d5 11. cxd5 exd5 12. Rc1 Nc6 13. Re1 Be7 14. Bxf6 gxf6
15. Nh4 O-O-O 16. Qc2 Kb8 17. Nf5 Nb4 18. Qb1 Bc8 19. Nxe7 Qxe7 20. a3 Na6 21.
Qc2 h5 22. Nf3 f5 23. Qd2 Rd6 24. h4 f6 25. Rb1 Rg8 26. b4 cxb4 27. axb4 Rg4
28. Rec1 Qb7 29. b5 Nc7 30. Nd4 Bd7 31. Qd3 Rb6 32. e3 Bxb5 33. Nxb5 Rxb5 34.
Rxb5 Qxb5 35. Qxf5 Rc4 36. Rd1 a5 37. Bf1 Qa4 38. Be2 Qc2 39. Rb1+ Ka7 40. Qxc2
Rxc2 41. Bxh5 Ra2 42. Bf7 a4 43. h5 a3 44. Kg2 Rb2 45. Ra1 Nb5 46. h6 Rc2 47.
h7 Rc8 48. Bg8 1-0

﻿

[Event "4NCL 3 South pool D"]
[Site "Reading, ENG"]
[Date "2017.04.29"]
[Round "9.86"]
[White "Ifalore, Michael"]
[Black "Jaszkiwskyj, Peter"]
[Result "1-0"]
[WhiteElo "1800"]
[BlackElo "1965"]
[PlyCount "105"]
[EventDate "2017.04.29"]
[WhiteTeam "Sussex Martlets 2"]
[BlackTeam "The Rookies"]

1. e4 e6 2. d4 d5 3. Nc3 Bb4 4. exd5 exd5 5. Bd3 c5 6. dxc5 d4 7. a3 Ba5 8. b4
dxc3 9. bxa5 Qxa5 10. Be3 Nf6 11. Ne2 O-O 12. Bd4 Nbd7 13. Bxc3 Qc7 14. O-O Re8
15. Nd4 Qxc5 16. Bb4 Qb6 17. Nb5 Nc5 18. Nd6 Bg4 19. Qd2 Red8 20. Bxc5 Qc6 21.
Qb4 b6 22. Ne4 Nd5 23. Qc4 bxc5 24. Ng5 h6 25. Nxf7 Kxf7 26. Qxg4 Nf6 27. Bc4+
Kf8 28. Qg6 Qe8 29. Qf5 Qh5 30. Qe6 Qe8 31. Qa6 Qe7 32. Rfe1 Qd6 33. Qb7 Qd7
34. Qf3 Re8 35. Red1 Qc7 36. Rd5 Rad8 37. Rf5 Rd6 38. h3 Qb6 39. Qh5 Re7 40.
Qg6 Qb2 41. Rf1 Qb6 42. Qh7 Ke8 43. Qg6+ Kd8 44. Qg3 Kd7 45. Ba2 Qc6 46. Rb1
Ne4 47. Qg4 Kc7 48. Re1 Kb6 49. Rf8 Qd7 50. Rxe4 Rd1+ 51. Kh2 Rxe4 52. Qxe4
Qd6+ 53. Qf4 1-0

﻿

[Event "4NCL Division 3 North"]
[Site "Wakefield, ENG"]
[Date "2016.11.26"]
[Round "1.11"]
[White "O`Donnell, Conor"]
[Black "Trueman, Glenn"]
[Result "1-0"]
[WhiteElo "2342"]
[BlackElo "2005"]
[PlyCount "155"]
[EventDate "2016.11.26"]
[WhiteTeam "Gonzaga"]
[BlackTeam "Manchester Manticores 3"]

1. d4 Nf6 2. c4 e6 3. Nc3 d5 4. cxd5 exd5 5. Bg5 c6 6. e3 Bf5 7. Qf3 Bg6 8.
Bxf6 Qxf6 9. Qxf6 gxf6 10. Nf3 Nd7 11. Nh4 Be7 12. Ne2 Nb6 13. Ng3 Nc8 14. Ngf5
Bb4+ 15. Kd1 Nd6 16. Bd3 Kd7 17. Ke2 Nxf5 18. Bxf5+ Bxf5 19. Nxf5 Rag8 20. Rab1
h5 21. g3 Ke6 22. Nh4 f5 23. Ng2 Bd6 24. Rhc1 a5 25. Rc2 Ra8 26. Kf3 Rhg8 27.
Re2 Kf6 28. Ne1 Rh8 29. Nd3 Rhe8 30. Rc2 Ra7 31. b3 Raa8 32. Re2 Rg8 33. Rbe1
Rge8 34. Rc2 Rg8 35. Ra1 Ra7 36. a3 Re8 37. Nc5 Bxc5 38. Rxc5 Ra6 39. Rac1 Rb6
40. Rb1 Ra8 41. h4 Ke6 42. Kf4 Rba6 43. f3 Rg8 44. Rb2 Kd6 45. Rbc2 Rb6 46.
R2c3 Ra6 47. Kxf5 Rxg3 48. e4 dxe4 49. Kxe4 Ra8 50. Rxh5 Rg6 51. f4 Re8+ 52.
Re5 Rh8 53. Rh3 b6 54. h5 Rg1 55. d5 Re1+ 56. Kf5 Rxe5+ 57. fxe5+ Kxd5 58. h6
Rh7 59. Rd3+ Kc5 60. Rd6 Rh8 61. Rf6 Kd5 62. Rd6+ Kc5 63. Kg5 b5 64. Rd7 Rg8+
65. Kf6 Rg6+ 66. Kxf7 Rxh6 67. e6 Rh1 68. e7 Rf1+ 69. Ke8 a4 70. Kd8 Re1 71.
b4+ Kc4 72. e8=Q Rxe8+ 73. Kxe8 c5 74. Rc7 Kb3 75. Rxc5 Kxa3 76. Rxb5 Kb3 77.
Rb8 a3 78. b5 1-0

[Event "4NCL Division 3 North"]
[Site "Wakefield, ENG"]
[Date "2016.11.26"]
[Round "1.12"]
[White "Toole, David"]
[Black "Delaney, Killian"]
[Result "0-1"]
[WhiteElo "1937"]
[BlackElo "2227"]
[Annotator "Barnes,Lara"]
[PlyCount "44"]
[EventDate "2016.11.26"]
[WhiteTeam "Manchester Manticores 3"]
[BlackTeam "Gonzaga"]

1. d4 Nf6 2. c4 g6 3. Nc3 Bg7 4. e4 d6 5. Be2 O-O 6. Bg5 c5 7. d5 e6 8. Qd2
exd5 9. exd5 Qb6 10. h3 Re8 11. Nf3 Bf5 12. Nh4 Ne4 13. Nxe4 Bxe4 14. f3 Qxb2
15. Rd1 Bc3 16. fxe4 Bxd2+ 17. Bxd2 Rxe4 18. Nf3 Na6 19. Kf2 Nb4 20. Ng5 Qd4+
21. Kf1 Rxe2 22. Kxe2 Re8+ 0-1